| 000 -LEADER |
| fixed length control field |
00844nam a22002177a 4500 |
| 001 - CONTROL NUMBER |
| control field |
20757 |
| 003 - CONTROL NUMBER IDENTIFIER |
| control field |
BD-DhUAP |
| 005 - DATE AND TIME OF LATEST TRANSACTION |
| control field |
20200318121522.0 |
| 008 - FIXED-LENGTH DATA ELEMENTS--GENERAL INFORMATION |
| fixed length control field |
200318s2019 bg ||||| |||| 00| 0 ben d |
| 020 ## - INTERNATIONAL STANDARD BOOK NUMBER |
| International Standard Book Number |
9789840421985 |
| 040 ## - CATALOGING SOURCE |
| Original cataloging agency |
BD-DhUAP |
| Language of cataloging |
Bangla |
| Transcribing agency |
BD-DhUAP |
| Modifying agency |
BD-DhUAP |
| 082 ## - DEWEY DECIMAL CLASSIFICATION NUMBER |
| Edition number |
23 |
| Classification number |
920.5492 NAY |
| 100 ## - MAIN ENTRY--PERSONAL NAME |
| Personal name |
নাঈম, আলী মোঃ আবু। |
| 245 ## - TITLE STATEMENT |
| Title |
শহীদ বুদ্ধিজীবী কোষ / |
| Statement of responsibility, etc. |
আলী মোঃ আবু নাঈম এবং ফাহিমা কানিজ লাভা। |
| 260 ## - PUBLICATION, DISTRIBUTION, ETC. |
| Place of publication, distribution, etc. |
ঢাকা : |
| Name of publisher, distributor, etc. |
আগামী প্রকাশনী, |
| Date of publication, distribution, etc. |
c২০১৯। |
| 300 ## - PHYSICAL DESCRIPTION |
| Extent |
৪৭৭ পৃষ্টা ; |
| Dimensions |
২৪ সে.মি.। |
| 650 ## - SUBJECT ADDED ENTRY--TOPICAL TERM |
| Topical term or geographic name entry element |
Biography. |
| 651 ## - SUBJECT ADDED ENTRY--GEOGRAPHIC NAME |
| Geographic name |
Bangladesh. |
| 700 ## - ADDED ENTRY--PERSONAL NAME |
| Personal name |
লাভা, ফাহিমা কানিজ। |
| 942 ## - ADDED ENTRY ELEMENTS (KOHA) |
| Source of classification or shelving scheme |
|
| Koha item type |
Book |